| 000 | 00995nac a22002051u 4500 | ||
|---|---|---|---|
| 008 | 110117s1986 xxu||||| |||| 00| 0 ara d | ||
| 020 | _a9770108332 | ||
| 082 |
_a722.2 _bش ك ر |
||
| 100 | 1 |
_aشكرى ، محمد أنور _922038 |
|
| 245 |
_aالعمارة : _bفى مصر القديمة / _cمحمد أنور شكرى |
||
| 260 |
_aالقاهرة : _bالهيئة المصرية العامة للكتاب ،1986 _c1986. |
||
| 300 |
_a552 ص : _bايض ؛ _c24 سم. |
||
| 504 | _aيشتمل على إرجاعات ببليوجرافية وفهارس | ||
| 650 |
_aالعمارة المصرية القديمة _922041 |
||
| 650 |
_aالحضارة الفرعونية _914329 |
||
| 650 |
_aالمسلات _922220 |
||
| 650 |
_aالمعابد المصرية القديمة _922221 |
||
| 942 |
_cBB _k722.2 ش ك ر _2ddc |
||
| 999 |
_c8025 _d8025 |
||